00347nam a2200109Ia 4500008004100000041000800041100001500049245009600064260003300160300000800193700003600201250110s9999 xx 000 0 und d aeng aMane Deepa aLandscape Development Bhavtaal Environmental Awareness Centre For At Kotwalwadi Trust Neral bM Arch Landscape, Punec2012 a50p aGuide Name:Kamalapurkar Shubhda